000 01481nam a2200265Ia 4500
999 _c34584
_d34584
001 345
003 GE_BSU
005 20200128103447.0
008 181216s2000||||ge |||||||||||||| ||geo||
020 _a9992883103
040 _cGE_BSU
080 _a31(4)(035) თ-29
245 _aთანამედროვე ევროპა ციფრებში. უბის ცნობარი :
_bფაქტები და ციფრები დღევანდელი ევროპის 48 ქვეყნის შესახებ /
_cმოსოტო ინთერნეშნლ ; [მთარგმნ.: გიორგი კორახაშვილი ; რედ.: გია ჭანტურია ; მხატვ.: ნელი რაინგოლდი].
250 _a მე-4 გამოც.
264 _aთბილისი,
_c2001.
300 _a208 გვ.;
_b19 სმ.
490 _aევროკავშირის მკვლევარი
500 _aპარალ. თავფ. ინგლ. ენ.
541 _h20 ლ.
653 _aევროპის ქვეყნების სტატისტიკა
653 _aთანამედროვე ევროპა ციფრებში
700 _aჭანტურია, გია
_eრედაქტორი
_93574
700 _aრაინგოლდი, ნელი
_eმხატვარი
_96422
942 _cBK
_2udc